Biblioteca y Centro de Documentación

Estatutos CEOE (Registro nro. 9826)

Detalles MARC
000 -CABECERA
Longitud fija campo de control 01000nam a2200289 c 4500
001 - NÚMERO DE CONTROL
Número de control 9826
003 - IDENTIFICADOR DE NÚMERO DE CONTROL
Identificador del número de control ES-MaCES
005 - FECHA Y HORA DE LA ÚLTIMA TRANSACCIÓN
Fecha y hora de la última transacción 20141221122033.0
008 - CAMPO FIJO DE DESCRIPCIÓN FIJA--INFORMACIÓN GENERAL
Códigos de información de longitud fija   991129s1977 sp l 000 | spa d
035 ## - NÚMERO DE CONTROL DEL SISTEMA
Número de control del sistema CES19990018548m
040 ## - FUENTE DE CATALOGACIÓN
Centro catalogador de origen ES-MaCES
Lengua de catalogación spa
Centro transcriptor ES-MaCES
110 2# - ENCABEZAMIENTO PRINCIPAL--NOMBRE CORPORATIVO
Nombre de entidad corporativa o nombre de jurisdicción como elemento inicial Confederación Española de Organizaciones Empresariales
9 (RLIN) 2261
245 10 - MENCIÓN DE TÍTULO
Título Estatutos CEOE
260 ## - PUBLICACIÓN, DISTRIBUCIÓN, ETC (PIE DE IMPRENTA)
Lugar de publicación, distribución, etc. [Madrid]
Nombre del editor, distribuidor, etc. CEOE, Confederación Española de Organizaciones Empresariales
Fecha de publicación, distribución, etc. [1977]
300 ## - DESCRIPCIÓN FÍSICA
Extensión 17 h.
Dimensiones 21 cm
500 ## - NOTA GENERAL
Nota general Tít. tomado del pie de pag.
500 ## - NOTA GENERAL
Nota general Ej. fotocopiado
541 ## - NOTA DE LA FUENTE INMEDIANTE DE ADQUISICIÓN
Forma de adquisición Gratuito
610 24 - ASIENTO SECUNDARIO DE MATERIA--NOMBRE CORPORATIVO
Nombre de entidad corporativa o nombre de jurisdicción como elemento inicial Confederación Española de Organizaciones Empresariales
9 (RLIN) 2261
650 #4 - ASIENTO SECUNDARIO DE MATERIA--TÉRMINO DE MATERIA
Término de materia o nombre geográfico como elemento inicial organizaciones empresariales
9 (RLIN) 31559
650 #4 - ASIENTO SECUNDARIO DE MATERIA--TÉRMINO DE MATERIA
Término de materia o nombre geográfico como elemento inicial régimen jurídico
9 (RLIN) 29894
653 10 - TÉRMINO DE INDEXACIÓN--NO CONTROLADO
Término no controlado Organizaciones
787 0# - ENTRADA DE OTRAS ESPECIFICACIONES
Título Estatutos y normativa sobre régimen interior de la CEOE
Número de control del registro relacionado (ES-MaCES)9827
902 ## - CES. TIPO DE DOCUMENTO
Tipodoc (006$c Sirtex) DOC Literatura gris
942 ## - ELEMENTOS KOHA
Fuente de clasificaión o esquema Clasificación propia del CES
Koha [por defecto] tipo de item Monografías
Parte de clasificación 6.3.
Existencias
Número de registro Signatura completa Tipo de item de Koha
033324 DOC-6.3.-210 Monografías
© CES, Consejo Económico y Social de España 2021